000 00540nam a22001937a 4500
003 KOHA_MİRAKIL
005 20251221124703.0
008 251221b tu ||||| |||| 00| 0 tur d
020 _a9786057244208
040 _aTR-AnABB
_btur
_cTR-AnABB
041 _atur
082 _a374.26
_bATA 2023
100 1 _aAtay, Salim,
245 1 0 _aÇalışan eğitimde dönüşüm /
260 _aAnkara :
_bCumhurbaşkanlığı İnsan Kaynakları,
_c2023
300 _a121 sayfa ;
_c21 cm
650 0 4 _aUzaktan eğitim
942 _2ddc
_cBK
999 _c9822
_d9822
900 _bGizem YORULMAZ